000 00924nam a2200277 i 4500
001 000024398
003 DO-SdBNP
005 20250812083333.0
007 ta
008 110127s2000 dr a 000 0 spa d
040 _aDO-SdBNP
_bspa
_cBNPHU
_erda
049 _aBNPD
082 4 _axxx
_bM528e
_222
100 1 _aMelo, Germania,
_eautor
_4aut.
_950028
245 1 0 _aEducación en valores para el nivel básico /
_cGermania Melo, Luisa Sánchez, Casilda Avila.
264 1 _aSanto Domingo :
_bSecretaría de Estado de Educación,
_c2000.
300 _a167 páginas :
_bilustraciones ;
_c29 cm.
336 _atexto
_btxt
_2rdacontent
337 _asin mediación
_bn
_2rdamedia
338 _avolumen
_bnc
_2rdacarrier
504 _aBibliografía : páginas 166-167
590 _aInventariado, 2025/BT
700 1 _aSánchez, Luisa,
_eautor
_4aut.
_950029
700 1 _aAvila, Casilda,
_eautor
_4aut.
_950030
942 _2ddc
_cLBS1
999 _c23891
_d23891